000 00398nam a2200157Ia 4500
008 100122s9999 xx 000 0 und d
082 _b54660
_a823.08
100 _aमिरासदार द मा
245 _aफुकट
250 _a2
260 _bसुयोग प्रकाशन
_c1998
300 _a160
630 _aफुकट
730 _aफुकट
942 _cBOOK
999 _c431481
_d431478